ՀՀ Գիտությունների ազգային ակադեմիայի հիմնարար գիտական գրադարան  =   Fundamental Scientific Library of NAS RA

Մնացորդաց : (Record no. 101358)

MARC details
000 -LEADER
fixed length control field 00903nam a2200217 a 4500
001 - CONTROL NUMBER
control field 000277799
003 - CONTROL NUMBER IDENTIFIER
control field AM-YeHGA
005 - DATE AND TIME OF LATEST TRANSACTION
control field 20250618071826.0
008 - FIXED-LENGTH DATA ELEMENTS--GENERAL INFORMATION
fixed length control field 031029s2000 ua ||||gr|||||||||1|arm|d
040 ## - CATALOGING SOURCE
Original cataloging agency AM-YeHGA
041 0# - LANGUAGE CODE
Language code of text/sound track or separate title arm
090 ## - LOCALLY ASSIGNED LC-TYPE CALL NUMBER (OCLC); LOCAL CALL NUMBER (RLIN)
-- 102676
100 1# - MAIN ENTRY--PERSONAL NAME
Personal name Օշական, Հակոբ,
Dates associated with a name 1883-1948
9 (RLIN) 4922
245 10 - TITLE STATEMENT
Title Մնացորդաց :
Remainder of title Վէպ մեր ժամանակներէն /
Statement of responsibility, etc. Յակոբ Օշական.
260 ## - PUBLICATION, DISTRIBUTION, ETC.
Place of publication, distribution, etc. Գահիրէ :
Name of publisher, distributor, etc. Յուսաբեր.
300 ## - PHYSICAL DESCRIPTION
Extent հատոր
500 ## - GENERAL NOTE
General note (Այս հատորը կը պարունակէ երեք գիրք)
505 10 - FORMATTED CONTENTS NOTE
Miscellaneous information Հ. 1., Գ. 1. (Գահիրէ, տպ. Յուսաբեր, 1932, 557 էջ) :
Title Արգանդի ճամբով ;
Miscellaneous information Հ. 2, Գ. 1, Մ. 1 (1932, 540 էջ) :
Title Արիւնի ճամբով
Miscellaneous information Հ. 2, Մ. 2 (1934, 652 էջ) :
Title Արիւնի ճամբով
650 14 - SUBJECT ADDED ENTRY--TOPICAL TERM
Topical term or geographic name entry element Արևմտահայ գրականություն
942 ## - ADDED ENTRY ELEMENTS (KOHA)
Source of classification or shelving scheme Universal Decimal Classification
Koha item type Գրքեր / Books
Holdings
Withdrawn status Lost status Source of classification or shelving scheme Damaged status Not for loan Collection Home library Current library Date acquired Serial enumeration / chronology Total checkouts Full call number Barcode Date last seen Price effective from Koha item type Public note
    Universal Decimal Classification     General Fundamental Scientific Library Fundamental Scientific Library 22/12/2016 Հ. 2, Մ. 1, Գ. 1-3   AII/77127 220077127 22/12/2016 22/12/2016 Գրքեր / Books 30 Days Loan
    Universal Decimal Classification     General Fundamental Scientific Library Fundamental Scientific Library 22/12/2016 Հ. 2, Մ. 2, Գ. 4-6   AII/77128 220077128 22/12/2016 22/12/2016 Գրքեր / Books 30 Days Loan
    Universal Decimal Classification     General Fundamental Scientific Library Fundamental Scientific Library 22/12/2016 Հ. 1, Գ. 1   AII/77120 FL0078711 22/12/2016 22/12/2016 Գրքեր / Books 30 Days Loan
    Universal Decimal Classification     Pogharian Individual Collection Fundamental Scientific Library Fundamental Scientific Library 22/12/2016 Հ. 1, Գ. 1   Պող/1794 FL0337985 22/12/2016 22/12/2016 Գրքեր / Books ILL Non-Circ.
    Universal Decimal Classification     Pogharian Individual Collection Fundamental Scientific Library Fundamental Scientific Library 22/12/2016 Հ. 2   Պող/1795 FL0337986 22/12/2016 22/12/2016 Գրքեր / Books ILL Non-Circ.
    Universal Decimal Classification     General Fundamental Scientific Library Fundamental Scientific Library 25/04/2023 Հ. 1   AII/109859 FL0678689 25/04/2023 25/04/2023 Գրքեր / Books 30 Days Loan


ՀՀ ԳԱԱ հիմնարար գիտական գրադարան
ՀՀ,Երևան 0019
Մարշալ Բաղրամյան 24/6
հեռախոս:(374-10) 52-47-50
Հետադարձ կապ

All site content, except where otherwise noted, is licensed under a
Creative Commons License